| 000 | 00495nam a22001817a 4500 | ||
|---|---|---|---|
| 999 |
_c7847 _d7847 |
||
| 003 | OSt | ||
| 005 | 20220324171605.0 | ||
| 008 | 220324b ||||| |||| 00| 0 eng d | ||
| 020 | _a9970023942 | ||
| 040 | _cDDC | ||
| 082 | _a325.3 THO 2003 | ||
| 100 |
_aThompson, Gardener _915961 |
||
| 245 |
_aGoverning Uganda _b: British Colonial Rule and its legacy |
||
| 260 |
_aKampala _b: Fountain publishers _c, C 2003 |
||
| 300 |
_aix,366p. _c; 22 cm |
||
| 504 | _aReferences Index | ||
| 942 |
_2ddc _cBOOK |
||